书目信息 |
| 题名: |
让资本走向共享
|
|
| 作者: | 卢德之 著 | |
| 分册: | ||
| 出版信息: | 北京 华夏出版社 2015 |
|
| 页数: | 219页 | |
| 开本: | 24cm | |
| 丛书名: | ||
| 单 册: | ||
| 中图分类: | F032.1 | |
| 科图分类: | ||
| 主题词: | 资本--研究 | |
| 电子资源: | ||
| ISBN: | 978-7-5080-8341-4 | |
| 000 | 00853nam0 2200241 450 | |
| 001 | 012001002769 | |
| 005 | 20140926114740.0 | |
| 010 | @a978-7-5080-8341-4@dCNY36.00 | |
| 100 | @a20150310d2015 em y0chiy50 ea | |
| 101 | 0 | @achi |
| 102 | @aCN@b110000 | |
| 105 | @ay z 000yy | |
| 106 | @ar | |
| 200 | 1 | @a让资本走向共享@9rang zi ben zou xiang gong xiang@dCollective sharing of capital@zeng@f卢德之著 |
| 210 | @a北京@c华夏出版社@d2015 | |
| 215 | @a219页@d24cm | |
| 330 | @a作者系统地论述了资本、多数人与资本精神、共享思想以及现代慈善之间的理论关系与实践历史,指出现代慈善既是资本走向共享的伟大实践,也是推动财富共享的最早桥梁和最好路径。 | |
| 510 | 1 | @aCollective sharing of capital@zeng |
| 606 | 0 | @a资本@x研究 |
| 690 | @aF032.1@v5 | |
| 701 | 0 | @a卢德之@9lu de zhi@4著 |
| 801 | 0 | @aCN@b上海新华@c20180901 |
| 905 | @b1161471-5@dF032.1@e65@f5 | |
| 让资本走向共享=Collective sharing of capital/卢德之著.-北京:华夏出版社,2015 |
| 219页;24cm |
| ISBN 978-7-5080-8341-4:CNY36.00 |
| 作者系统地论述了资本、多数人与资本精神、共享思想以及现代慈善之间的理论关系与实践历史,指出现代慈善既是资本走向共享的伟大实践,也是推动财富共享的最早桥梁和最好路径。 |
| ● |
| 相关链接 |
|
|
|
|
正题名:让资本走向共享
索取号:F032.1/65
 
预约/预借
| 序号 | 登录号 | 条形码 | 馆藏地/架位号 | 状态 | 备注 |
| 1 | 1161471 | 211614715 | 第一样本阅览室/ [索取号:F032.1/65] | 在馆 | |
| 2 | 1161472 | 211614724 | 第一借阅区/ [索取号:F032.1/65] | 在馆 | |
| 3 | 1161473 | 211614733 | 第一借阅区/ [索取号:F032.1/65] | 在馆 | |
| 4 | 1161474 | 211614742 | 密集书库-海洋学院/ [索取号:F032.1/65] | 在馆 | |
| 5 | 1161475 | 211614751 | 第一借阅区/ [索取号:F032.1/65] | 在馆 |